Представление документа в формате RUSMARC

ПолеНазваниеЗначение
  Тип записи c
  Библиографический уровень m
001 Контрольный номер RU/УОНБ/EK_N/322863762
005 Дата корректировки 20250815155956.5
010 Индекс ISBN __
9 Тираж 5000 экз.
013 Номер (ISMN) __
d Цена 3 р.
071 Издательские номер (звукозапись и ноты) 20
a Номер, присвоенный агентством 15104
100 Данные общей обработки __
a Данные общей обработки 20030202d1994 u y0rusy0189 ca
101 Язык документа 0_
a Язык текста rus
f Язык титульного листа rus
102 Страна публикации __
a Страна публикации RU
125 Кодированные данные звукозаписи и нотных изданий __
a Форма изложения нотного текста с
128 Кодированные данные (звукозаписи-физические характеристики) __
a Кодированные данные: Музыкальная форма и тональность или лад zz
c Инструменты или голоса, рекомендуемые для солистов (устаревшее) ka
200 Заглавие и сведения об ответственности 1_
a Заглавие Цветущий май
e Сведения, относящиеся к заглавию популярные мелодии тридцатых-пятидесятых годов
e Сведения, относящиеся к заглавию сочинения и обработки для фортепиано
f Первые сведения об ответственности авт.-сост. А. Полонский
210 Выходные данные 1_
a Место издания Москва
c Издательство Музыка
d Дата издания 1994
215 Физическое описание __
a Объем 64 с.
d Формат 29 см
327 Примечание о содержании 11
a Примечание о содержании Содерж.: Полонский А. Очарование ; Я жду Вас ; Грезы ; В раздумье ; Золотые локоны ; Букет весны ; Цветущий май ; Вальс-танго-фокстрот. Строк О. О, эти черные глаза ; Мое последнее танго. Абрахам П. Танголита. Фельцман О., Филип Жерар. Любовь. Таривердиев М. Маленький принц. Менендец Н. Зеленые глаза. Каррара Э. Абандонадо. Виллолдо А. Аргентинское танго. Брюн К. Парижское танго. Дузе К. Мы танцуем. Эллингтон Д. Индиго ; Ленивый Дюк. Кшенек Э. Джонни наигрывает.
464 Аналитический уровень _0
1 2001
a Очарование
464 Аналитический уровень _0
1 2001
a Я жду Вас
464 Аналитический уровень _0
1 2001
a Грезы
464 Аналитический уровень _0
1 2001
a В раздумье
464 Аналитический уровень _0
1 2001
a Золотые локоны
464 Аналитический уровень _0
1 2001
a Букет весны
464 Аналитический уровень _0
1 2001
a Цветущий май
464 Аналитический уровень _0
1 2001
a Вальс-танго-фокстрот
464 Аналитический уровень _0
1 2001
a О, эти черные глаза
464 Аналитический уровень _0
1 2001
a Мое последнее танго
464 Аналитический уровень _0
1 2001
a Танголита
464 Аналитический уровень _0
1 2001
a Любовь
464 Аналитический уровень _0
1 2001
a Маленький принц
464 Аналитический уровень _0
1 2001
a Зеленые глаза
464 Аналитический уровень _0
1 2001
a Абандонадо
464 Аналитический уровень _0
1 2001
a Аргентинское танго
464 Аналитический уровень _0
1 2001
a Парижское танго
464 Аналитический уровень _0
1 2001
a Мы танцуем
464 Аналитический уровень _0
1 2001
a Индиго
464 Аналитический уровень _0
1 2001
a Ленивый Дюк
464 Аналитический уровень _0
1 2001
a Джонни наигрывает
464 Аналитический уровень _0
1 700 1
a Полонский
b А.
464 Аналитический уровень _0
1 700 1
a Строк
b О.
464 Аналитический уровень _0
1 700 1
a Абрахам
b П.
464 Аналитический уровень _0
1 700 1
a Фельцман Оскар Борисович
464 Аналитический уровень _0
1 700 1
a Филип
b Ж..
g Жерар
464 Аналитический уровень _0
1 700 1
a Менендец
b Н.
464 Аналитический уровень _0
1 700 1
a Каррара
b Э.
464 Аналитический уровень _0
1 700 1
a Виллолдо
b А.
464 Аналитический уровень _0
1 700 1
a Брюн
b К.
464 Аналитический уровень _0
1 700 1
a Дузе
b К.
464 Аналитический уровень _0
1 700 1
a Эллингтон
b Д.
464 Аналитический уровень _0
1 700 1
a Кшенек
b Э.
464 Аналитический уровень _0
1 700 1
a Таривердиев Микаэл Леонович
606 Тематические рубрики 0_
a Основная рубрика Фортепианная музыка
x Основная подрубрика Пьесы
x Основная подрубрика Джаз
686 Индексы других классификаций __
a Классификационный индекс 85.954.2
2 Код системы rubbk
702 Вторичная интеллектуальная ответственность _1
a Фамилия Полонский
b Имя (инициалы) А. М.
g Полное личное имя Артур Морицевич
4 Код отношения 220
801 Источник записи _0
a Страна RU
b Организация Ульяновская ОНБ
c Дата составления 20030202
g Правила каталогизации RCR
801 Источник записи _1
a Страна RU
b Организация Ульяновская ОНБ
c Дата составления 20030202
901 Тип документа __
t Тип документа m
938 Служебная информация __
a Имя БД noti
b Имя библиотеки УОНБ
c Имя АИБС МАРК-SQL
d Номер DOC_ID в БД 5484